Statistics for Countries Boris Yelstin visited

Click here to take the quiz!

General Stats

  • This quiz has been taken 34 times
  • The average score is 19 of 25

Answer Stats

ContinentCountry% Correct
North AmericaUnited States of America
100%
EuropeSpain
96%
EuropeUnited Kingdom
96%
North AmericaCanada
91%
AsiaChina
91%
EuropeGermany
91%
EuropeItaly
91%
EuropeUkraine
91%
EuropeBelgium
87%
EuropeFrance
87%
AsiaJapan
87%
EuropeBelarus
74%
EuropeIreland
74%
AsiaSouth Korea
74%
EuropeSweden
74%
EuropeGreece
70%
AsiaIndia
70%
EuropeNorway
70%
AsiaKazakhstan
61%
AsiaGeorgia
57%
Europe Czech Republic
52%
AsiaUzbekistan
52%
EuropeVatican City
52%
EuropeSlovakia
48%
AsiaTurkmenistan
43%

Score Distribution

Percentile by Number Answered

Percent of People with Each Score

Your Score History

You have not taken this quiz